| 000 | nam a22 a 4500 | ||
|---|---|---|---|
| 999 |
_c40348 _d40348 |
||
| 003 | BLK | ||
| 005 | 20221025140555.0 | ||
| 008 | 180408b bul|||||r ||||||| ||bul|| | ||
| 010 | _aKNG00043782000 | ||
| 040 | _aBLK | ||
| 041 |
_aBUL _cBUL |
||
| 080 |
_aКласическа гръцка литература. Старогръцка литература _b821.142 _x-34 _z821.142-34 |
||
| 080 |
_aКласически митологии. Религии на Древна Гърция и Рим, етруска религия. Подразделя се като 291 _b292 _z292 |
||
| 139 |
_aАкритас, Д. В. _bА 42 |
||
| 245 | 1 | 0 |
_aГръцка митология _cподб. и преразк. Д. В. Акритас; прев. от гр. Костас Шаперас; худож. Теодора Стойчева. |
| 250 | _a2. изд. | ||
| 257 | _aGRE | ||
| 260 |
_aСофия _bОтечество _c1976 |
||
| 300 |
_a304с. _bс ил. _c24 см |
||
| 380 | _aX | ||
| 500 | _aОриг. загл. Eliniki mitologis. - 1. изд. 1964. | ||
| 650 | 4 |
_aМитология, гръцка _9277159 |
|
| 700 | 1 |
_aАкритас, Д. В. _eподб. и преразк. _929878 |
|
| 700 | 1 |
_aШаперас, Костас _eпрев. от гр. _9142675 |
|
| 700 | 1 |
_aСтойчева, Теодора _eхудож. _9272359 |
|
| 852 | _aЦб 83923 | ||
| 856 | 4 |
_qpdf _i0.00 _ldisable |
|
| 856 | 4 |
_qpdf _i0.00 _ldisable |
|
| 942 |
_cKNG _n0 _03 _s1 |
||
| 944 |
_aCR _c02.06.2011 _l02.06.2011 - от С1,Р / 02.06.2011 _kКети_Илиева |
||
| 944 |
_aED _c29.03.2018 _l02.06.2011 - от С1,Р / 02.06.2011 |
||
| 999 | _d40348 | ||